Uttar Pradesh district census handbook, Kanpur district (Record no. 509352)

000 -LEADER
fixed length control field 00429cam a22001337a 4500
008 - FIXED-LENGTH DATA ELEMENTS--GENERAL INFORMATION
fixed length control field 180718b1966 xxu||||| |||| 00| 0 eng d
082 ## - DEWEY DECIMAL CLASSIFICATION NUMBER
Classification number A81x5421 In2/20
100 ## - MAIN ENTRY--PERSONAL NAME
Personal name Census of India 1951
9 (RLIN) 5053
245 ## - TITLE STATEMENT
Title Uttar Pradesh district census handbook, Kanpur district
260 ## - PUBLICATION, DISTRIBUTION, ETC. (IMPRINT)
Place of publication, distribution, etc Allahabad
Name of publisher, distributor, etc Superintendent, Printing and Stationery
Date of publication, distribution, etc 1955
300 ## - PHYSICAL DESCRIPTION
Extent 220p.
440 ## - SERIES STATEMENT/ADDED ENTRY--TITLE
Title Census of India 1951. Uttar Pradesh
9 (RLIN) 5054
942 ## - ADDED ENTRY ELEMENTS (KOHA)
Source of classification or shelving scheme
Holdings
Withdrawn status Lost status Source of classification or shelving scheme Damaged status Koha normalized classification for sorting Not for loan Permanent location Current location Date acquired Full call number Barcode Date last seen Price effective from Koha item type
        A_81X5421_IN2_20_000000000000000   Indian Institute of Public Administration Indian Institute of Public Administration 2019-05-06 A81x5421 In2/20 GG33146 2019-05-06 2019-05-06 GG

Powered by Koha